| 000 | 00898nam a2200217Ii 4500 | ||
|---|---|---|---|
| 003 | JO-AjNU | ||
| 008 | 230605s9999||||xx |||||||||||||| ||und|| | ||
| 017 | _a(2009/10/4305 | ||
| 040 |
_aJO-AjNU _bara _erda _cJO-AjNU |
||
| 041 | _aara | ||
| 050 | 1 | 4 | _aQA11 .M4238 2003 |
| 100 | 3 |
_aرشيد ،محمد حسين/م. مشارك مشارك ابراهيم مقبل ، وائل طة الراعوش , _eauthor _930128 |
|
| 245 | 0 | 0 | _a الرياضيات لطلبة تكنولوجيا المعلومات والمكتبات والعلوم الهندسية |
| 250 | _aط1 | ||
| 264 | 3 | 1 | _aعمان: دار الصفاء، 2003 |
| 300 |
_a301ص _bملحق من صفحة295-3010 |
||
| 336 |
_atext _btxt _2rdacontent |
||
| 337 |
_aunmediated _bn _2rdamedia |
||
| 338 |
_avolume _bnc _2rdacarrier |
||
| 650 | 4 |
_aرياضيات - تمارين. رياضيات - تعلم وتعليم -الاردن _930129 |
|
| 999 |
_aA11907 _c15475 _d15475 |
||